| 000 | 00445cam a2200193u 4500 | ||
|---|---|---|---|
| 001 | 8842823 | ||
| 005 | 20180130051851.0 | ||
| 008 | 810526s1953 pau 000 0 eng | ||
| 010 | _a 52011246 | ||
| 040 |
_aDLC _cCarP _dDLC |
||
| 041 | _aeng | ||
| 080 | _a2 OAT | ||
| 082 | _a2 OAT | ||
| 100 | 1 | _a24 | |
| 101 | _aTEO | ||
| 245 | 1 | 4 | _aThe bible in pastoral care. |
| 906 |
_a0 _bcbc _cpremunv _du _encip _f19 _gy-gencatlg |
||
| 942 |
_2ddc _cBK |
||
| 999 |
_c41265 _d41265 |
||